000 00685nam a2200169 a 4500
005 20251021064004.0
008 991125s1989 mx 000 0 spa u
035 _aUPN01000026826
049 _aF
050 4 _aLE7.2931
_bN2g 1989
110 2 _aUniversidad Pedagógica Nacional (México).
_bDirección de Biblioteca y Apoyo Académico
_928337
245 1 0 _aGuía de los servicios bibliotecarios y apoyo académico en la unidad Ajusco /
_cUniversidad Pedagógica Nacional, Dirección de Biblioteca y Apoyo Académico.
260 _aMéxico :
_bUPN, Dirección de Biblioteca y Apoyo Académico,
_c1989.
300 _a28 p.
650 4 _aBibliotecas universitarias
_93062
905 _aLibro
999 _c26826
_d26826